000 00548nam a2200241Ia 4500
003 OSt
005 20220924145519.0
006 a|||||r|||| 00| 0
007 ta
008 TEL
020 _c10
024 _a329027
037 _cTextual
040 _aARTS
_cARTS
_bTEL
041 _2TEL
_aTEL
082 _aNR21xI08, 35M2
100 _aAlu Sreepadaray
_9219917
245 0 _aAnnamaiah
260 _c1982
650 _aMUSIC
_917402
942 _hNR21xI08, 35M2
_cTEXL
_2CC
999 _c460303
_d460303